<?xml version="1.0" encoding="UTF-8"?>
<record
    xmlns:xsi="http://www.w3.org/2001/XMLSchema-instance"
    xsi:schemaLocation="http://www.loc.gov/MARC21/slim http://www.loc.gov/standards/marcxml/schema/MARC21slim.xsd"
    xmlns="http://www.loc.gov/MARC21/slim">

  <leader>02900nam a2200277Ia 4500</leader>
  <controlfield tag="003">OSt</controlfield>
  <controlfield tag="005">20210720095502.0</controlfield>
  <controlfield tag="008">210310s2011    ck     gr     000 0dspa d</controlfield>
  <datafield tag="020" ind1=" " ind2=" ">
    <subfield code="a">9789588692210</subfield>
  </datafield>
  <datafield tag="040" ind1=" " ind2=" ">
    <subfield code="a">CO-JMCR</subfield>
    <subfield code="c">CO-JMCR</subfield>
  </datafield>
  <datafield tag="041" ind1="0" ind2=" ">
    <subfield code="a">spa</subfield>
  </datafield>
  <datafield tag="082" ind1="0" ind2="4">
    <subfield code="a">332.82 /</subfield>
    <subfield code="b">C961t</subfield>
    <subfield code="2">23</subfield>
  </datafield>
  <datafield tag="100" ind1="1" ind2=" ">
    <subfield code="a">Cuartas Mej&#xED;a, Vicente, </subfield>
    <subfield code="9">16241</subfield>
    <subfield code="e">autor</subfield>
  </datafield>
  <datafield tag="245" ind1="1" ind2="0">
    <subfield code="a">Tasas de inter&#xE9;s para la toma de decisiones de inversi&#xF3;n / </subfield>
    <subfield code="c">Vicente Cuartas Mej&#xED;a, Daniel Manzano Mira, Jos&#xE9; Fernando G&#xF3;mez y [1 m&#xE1;s]</subfield>
  </datafield>
  <datafield tag="250" ind1=" " ind2=" ">
    <subfield code="a">1&#xB0; edici&#xF3;n</subfield>
  </datafield>
  <datafield tag="260" ind1=" " ind2=" ">
    <subfield code="a">Medell&#xED;n : </subfield>
    <subfield code="b">Universidad de Medell&#xED;n : Ediciones U, </subfield>
    <subfield code="c">2011</subfield>
  </datafield>
  <datafield tag="300" ind1=" " ind2=" ">
    <subfield code="a">106 p&#xE1;ginas ; </subfield>
    <subfield code="c">24 cm.</subfield>
  </datafield>
  <datafield tag="500" ind1=" " ind2=" ">
    <subfield code="a">Incluye datos biogr&#xE1;ficos de los autores y glosario.</subfield>
  </datafield>
  <datafield tag="504" ind1=" " ind2=" ">
    <subfield code="a">Bibliograf&#xED;a: p&#xE1;ginas 105-106</subfield>
  </datafield>
  <datafield tag="505" ind1="0" ind2=" ">
    <subfield code="a">Generalidades y conversi&#xF3;n de las tasas de inter&#xE9;s -- Tasas netas, combinadas, reales, tasas promedio, tasas promedio ponderadas, tasas futuras impl&#xED;citas (forward) -- Tasas de cambio y devaluaci&#xF3;n cruzadas -- Rentabilidad de las tasas de inversiones en moneda extranjera </subfield>
  </datafield>
  <datafield tag="520" ind1="3" ind2=" ">
    <subfield code="a">En el mundo de las inversiones y las finanzas, las tasas de inter&#xE9;s juegan un papel muy importante, ya que es por medio de estas que el inversionistas mide y compara la rentabilidad de diferentes proyectos de inversi&#xF3;n, con el fin de escoger la mejor alternativa. Esta obra contiene los fundamentos para el estudio, an&#xE1;lisis y comprensi&#xF3;n del manejo financiero de las tasas de inter&#xE9;s. Los conceptos se exponen de una forma clara y sencilla, de tal modo que le permita al lector el aprendizaje r&#xE1;pido, aun sin tener conocimientos sobre finanzas, ya que se exponen con matem&#xE1;ticas simples o convencionales. Cada uno de los temas tratados va acompa&#xF1;ado de ejercicios de com&#xFA;n ocurrencia en el mercado financiero y de capitales, tanto en el contexto nacional como internacional. El texto est&#xE1; acompa&#xF1;ado de la aplicaci&#xF3;n de algunos temas en Excel, al igual que un simulador interactivo, el cual le permite al lector comprobar y resolver de manera r&#xE1;pida peque&#xF1;os problemas del acontecer financiero en el campo de las tasas de inter&#xE9;s. Al terminar de leer y comprender el texto, el lector tendr&#xE1; la capacidad de analizar, interpretar y aplicar a la vida cotidiana los diferentes temas concernientes a las tasas de inter&#xE9;s. Podr&#xE1; solucionar de manera &#xE1;gil problemas financieros presentes a la hora de adquirir un cr&#xE9;dito o de realizar una inversi&#xF3;n, sea en moneda nacional o extrajera. El lector tambi&#xE9;n tendr&#xE1; la capacidad de comprender los diferentes conceptos dentro del t&#xF3;pico de las tasas de inter&#xE9;s: conversi&#xF3;n de tasas, DTF, IPOC, UVR tasas futuras impl&#xED;citas, netas, reales, devaluaci&#xF3;n, 4 por mil, TRM, entre otros. </subfield>
  </datafield>
  <datafield tag="650" ind1="1" ind2="4">
    <subfield code="a">Tasas de inter&#xE9;s</subfield>
    <subfield code="9">16243</subfield>
    <subfield code="v">Modelos matem&#xE1;ticos</subfield>
  </datafield>
  <datafield tag="700" ind1="1" ind2=" ">
    <subfield code="a">Manzano Mira, Daniel, </subfield>
    <subfield code="e">autor</subfield>
    <subfield code="9">38582</subfield>
  </datafield>
  <datafield tag="700" ind1="1" ind2=" ">
    <subfield code="a">G&#xF3;mez, Jos&#xE9; Fernando, </subfield>
    <subfield code="e">autor</subfield>
    <subfield code="9">38583</subfield>
  </datafield>
  <datafield tag="942" ind1=" " ind2=" ">
    <subfield code="2">ddc</subfield>
    <subfield code="c">BK</subfield>
  </datafield>
  <datafield tag="999" ind1=" " ind2=" ">
    <subfield code="c">8067</subfield>
    <subfield code="d">8067</subfield>
  </datafield>
  <datafield tag="952" ind1=" " ind2=" ">
    <subfield code="0">0</subfield>
    <subfield code="1">0</subfield>
    <subfield code="2">ddc</subfield>
    <subfield code="4">0</subfield>
    <subfield code="7">0</subfield>
    <subfield code="8">NFIC</subfield>
    <subfield code="a">CPL</subfield>
    <subfield code="b">CPL</subfield>
    <subfield code="d">2018-04-15</subfield>
    <subfield code="e">Donaci&#xF3;n</subfield>
    <subfield code="o">332.82 / C961t</subfield>
    <subfield code="p">430003204</subfield>
    <subfield code="r">2024-05-16 00:00:00</subfield>
    <subfield code="t">Ej.1</subfield>
    <subfield code="y">BK</subfield>
  </datafield>
</record>
